000 00817cam a2200241 4500
001 WB3636-34
008 000000n2000 000 0 eng u
035 _a(Sirsi) u108344
245 _aRICS and EU regeneration ruling
260 _c2000
490 _aRICS Press Release
_v(104) 13 September 2000, (2)
520 _aThe RICS has applauded the House of Commons Environment Committee's response to the recent ruling on urban regeneration gap funding. The report severely criticises the EU decision to abolish the regeneration scheme.
590 _aWB
650 _aRICS
650 _aHOUSE OF COMMONS ENVIRONMENT SELECT COMMITTEE
650 _aEU
650 _aEC
650 _aREGENERATION SCHEMES
650 _aURBAN REGENERATION
650 _aGAP FUNDING
690 _aREGENERATION
942 _n0
999 _c64683
_d64683